Farms in the green care context

The concept Green Care loosely refers to the utilization of nature and farms to produce social, healthcare and education services. Green Care operations in Europe have grown from small-scale trials based on the initiatives of farmers or needs of healthcare to holistic service models. Green Care is d...

Teljes leírás

Elmentve itt :
Bibliográfiai részletek
Szerző: Miettinen Ulla
Dokumentumtípus: Cikk
Megjelent: 2013
Sorozat:Review on agriculture and rural development 2 No. 1
Kulcsszavak:Mezőgazdaság
Tárgyszavak:
Online Access:http://acta.bibl.u-szeged.hu/30364
LEADER 01845nab a2200217 i 4500
001 acta30364
005 20240417140530.0
008 161017s2013 hu o 000 eng d
022 |a 2063-4803 
040 |a SZTE Egyetemi Kiadványok Repozitórium  |b hun 
041 |a eng 
100 1 |a Miettinen Ulla 
245 1 0 |a Farms in the green care context  |h [elektronikus dokumentum] /  |c  Miettinen Ulla 
260 |c 2013 
300 |a 85-90 
490 0 |a Review on agriculture and rural development  |v 2 No. 1 
520 3 |a The concept Green Care loosely refers to the utilization of nature and farms to produce social, healthcare and education services. Green Care operations in Europe have grown from small-scale trials based on the initiatives of farmers or needs of healthcare to holistic service models. Green Care is deemed to add value to the service sector in all its sub-sectors, offering customers a low threshold to participate in functional and interactive farm work. The nature based service model combined with social and healthcare services offers completely new instruments that produce more customer-oriented wellbeing services. Green Care is especially suitable for small farms that have original native breeds of production and pet animals. It is hoped that Green Care can enhance the conservation of valuable cultural rural environments and native breeds and through the increase of services support the vitality of rural areas. Many European countries support Green Care on both government and municipality levels. In many countries farmers have networked and organize learning circles to develop Green Care operations. 
650 4 |a Mezőgazdaság-tudományok 
650 4 |a Mezőgazdaság, erdészet, halászat 
695 |a Mezőgazdaság 
856 4 0 |u http://acta.bibl.u-szeged.hu/30364/1/agricul_review_2013_001_085-090.pdf  |z Dokumentum-elérés